Business combinations & international accounting

Enregistré dans:
Détails bibliographiques
Auteur principal: Hartwell, C. Herring III
Format: Livre
Langue:anglais
Publié: Mason Thomson/South-Western 2003
Sujets:
Tags: Ajouter un tag
Pas de tags, Soyez le premier à ajouter un tag!

MARC

LEADER 00000nam a2200000 4500
001 0127664
005 20240314085644.6
020 |a 0-538-87893-2 
041 0 |a eng 
245 1 0 |a Business combinations & international accounting  |c Hartwell C. Herring III 
264 1 |a Mason  |b Thomson/South-Western  |c 2003 
300 |a 346 s. 
610 2 0 |a podnik 
610 2 0 |a fúzie 
610 2 0 |a účtovníctvo 
610 2 0 |a kombinácie podnikové 
610 2 0 |a metódy účtovné 
610 2 0 |a výkazy finančné 
610 2 0 |a účtovníctvo medzinárodné 
100 1 |a Hartwell, C. Herring III